BESTNYA! INSPIRASI : (Record no. 203065)

MARC details
000 -LEADER
fixed length control field 00932nam a2200265 i 4500
003 - CONTROL NUMBER IDENTIFIER
control field OSt
005 - DATE AND TIME OF LATEST TRANSACTION
control field 20260216172807.0
008 - FIXED-LENGTH DATA ELEMENTS--GENERAL INFORMATION
fixed length control field 260212s2025 my ao gr6 000 1 may d
020 ## - INTERNATIONAL STANDARD BOOK NUMBER
International Standard Book Number 9786299554202
Qualifying information paperback
Terms of availability RM30.00
040 ## - CATALOGING SOURCE
Original cataloging agency PPAK
Language of cataloging eng
Transcribing agency PPAK
Description conventions rda
082 04 - DEWEY DECIMAL CLASSIFICATION NUMBER
Classification number 741.5
Edition number 23
090 00 - LOCALLY ASSIGNED LC-TYPE CALL NUMBER (OCLC); LOCAL CALL NUMBER (RLIN)
Classification number (OCLC) (R) ; Classification number, CALL (RLIN) (NR) 741.5
Feature heading YAY
Feature heading K
100 0# - MAIN ENTRY--PERSONAL NAME
Personal name Yaya Okita,
Relator term author.
-- illustrator.
245 10 - TITLE STATEMENT
Title BESTNYA! INSPIRASI :
Remainder of title DIARI YAYA OKITA /
Statement of responsibility, etc. Penulis: Yaya Okita ; Illustrator Komik: Yaya Okita ; Editor: Irfan Foner
264 #1 - PRODUCTION, PUBLICATION, DISTRIBUTION, MANUFACTURE, AND COPYRIGHT NOTICE
Place of production, publication, distribution, manufacture Kuala Lumpur :
Name of producer, publisher, distributor, manufacturer Irfan Foner Studio,
Date of production, publication, distribution, manufacture, or copyright notice 2025
300 ## - PHYSICAL DESCRIPTION
Extent 127 pages :
Other physical details colour photographs, colour illustrations ;
Dimensions 21 cm
336 ## - CONTENT TYPE
Content type term text
Source rdacontent
Content type term still image
Source rdacontent
337 ## - MEDIA TYPE
Media type term unmediated
Source rdamedia
338 ## - CARRIER TYPE
Carrier type term volume
Source rdacarrier
650 10 - SUBJECT ADDED ENTRY--TOPICAL TERM
Topical term or geographic name entry element Comic books, strips, etc.
Topical term or geographic name entry element Comic books and teenagers
700 0# - ADDED ENTRY--PERSONAL NAME
Personal name Irfan Foner,
Relator term editor.
942 ## - ADDED ENTRY ELEMENTS (KOHA)
Source of classification or shelving scheme Dewey Decimal Classification
Koha item type Book
Holdings
Withdrawn Not for loan Current library Shelving location Date acquired Total Checkouts Full call number Barcode Checked out Date last seen Date last checked out Koha item type
    Perpustakaan Alor Setar Pinjaman Kanak-kanak 24/02/2026 4 K 741.5 YAY A01905060 15/07/2026 24/06/2026 24/06/2026 Book
    Perpustakaan Awam Sungai Petani Pinjaman Kanak-kanak 24/02/2026 1 K 741.5 YAY A01905061 15/07/2026 24/06/2026 24/06/2026 Book
    Perpustakaan Bandar Baharu Pinjaman Kanak-kanak 24/02/2026   K 741.5 YAY A01905066   24/02/2026   Book
    Perpustakaan Kulim Pinjaman Kanak-kanak 24/02/2026 1 K 741.5 YAY A01905064 04/07/2026 13/06/2026 13/06/2026 Book
    Perpustakaan Merbok Pinjaman Kanak-kanak 24/02/2026   K 741.5 YAY A01905067   24/02/2026   Book
    Perpustakaan Yan Pinjaman Kanak-kanak 24/02/2026   K 741.5 YAY A01905068   24/02/2026   Book